[Event "Politiken Cup"]
[Site "Helsingor DEN"]
[Date "2009.07.25"]
[Round "9"]
[White "Kristinsson,Bj"]
[Black "Vanman,K"]
[Result "1-0"]
[WhiteElo "1985"]
[BlackElo "2158"]
[EventDate "2009.07.18"]

1. e4 c5 2. Nf3 d6 3. d4 cxd4 4. Nxd4 Nf6 5. Nc3 a6 6. Bg5 e6 7. f4 Qc7 8.
Qf3 b5 9. a3 Bb7 10. Bd3 Nbd7 11. O-O-O O-O-O 12. g4 Be7 13. Bxf6 gxf6 14.
f5 e5 15. Nb3 Nc5 16. Nd2 d5 17. Nxd5 Rxd5 18. exd5 Rd8 19. Be4 Nxe4 20.
Nxe4 Bxd5 21. Rxd5 Rxd5 22. Nxf6 Rd4 23. Nd5 e4 24. Nxe7+ Qxe7 25. Qc3+ Rc4
26. Qe3 Qc7 27. c3 a5 28. Rd1 b4 29. axb4 axb4 30. Rd4 Rxd4 31. Qxd4 Qf4+
32. Kb1 bxc3 33. Qxc3+ Kb7 34. Qb3+ Kc6 35. Qc4+ Kb6 36. h3 Qf3 37. Qd4+
Kb5 38. Qd5+ Kb6 39. f6 Qe2 40. Qb3+ 1-0

[Event "Politiken Cup"]
[Site "Helsingor DEN"]
[Date "2009.07.25"]
[Round "9"]
[White "Kaster,M"]
[Black "Sorensen,D"]
[Result "1-0"]
[WhiteElo "2154"]
[BlackElo "2005"]
[EventDate "2009.07.18"]

1. c4 e5 2. g3 Nc6 3. Bg2 g6 4. Nc3 Bg7 5. e3 Nge7 6. Nge2 O-O 7. O-O d6 8.
d4 exd4 9. exd4 Bg4 10. h3 Bxe2 11. Nxe2 Nf5 12. d5 Ne5 13. Qc2 Rc8 14. Rd1
Re8 15. Be4 Ne7 16. Be3 Qd7 17. f4 Qxh3 18. fxe5 Bxe5 19. Bg2 Qg4 20. Bf2
Nf5 21. Qd3 Bxb2 22. Bf3 Qg5 23. Rab1 Be5 24. Be4 b6 25. Bxf5 gxf5 26. Be3
Qg4 27. Kg2 Bxg3 28. Nxg3 f4 29. Bxf4 Qxf4 30. Rf1 Qg4 31. Rf3 a5 32. Kf2
Qg6 33. Nf5 Kf8 34. Rg1 Qf6 35. Qd2 Re5 36. Qh6+ Qxh6 37. Nxh6 f5 38. Rg8+
1-0

[Event "Politiken Cup"]
[Site "Helsingor DEN"]
[Date "2009.07.25"]
[Round "9"]
[White "Petersen,Stee1"]
[Black "Borup,M"]
[Result "1-0"]
[WhiteElo "2152"]
[BlackElo "1992"]
[EventDate "2009.07.18"]

1. e4 e6 2. d3 d5 3. Nd2 c5 4. Ngf3 Nc6 5. g3 Bd6 6. Bg2 Nge7 7. O-O O-O 8.
Re1 Qc7 9. c3 Bd7 10. a3 a5 11. d4 cxd4 12. cxd4 f6 13. b3 a4 14. b4 Na7
15. e5 fxe5 16. dxe5 Bxb4 17. axb4 Qc3 18. Rb1 Nb5 19. Nf1 a3 20. Bd2 Qc7
21. Rc1 Nc6 22. Be3 a2 23. Nd4 Nc3 24. Rxc3 a1=Q 25. Qxa1 Rxa1 26. Rxa1
Qxe5 27. Rd1 Nxb4 28. Rb3 Qd6 29. Rdb1 Nc6 30. Rxb7 Nxd4 31. Bxd4 e5 32.
R7b6 Qe7 33. Bxd5+ Kh8 34. Re1 Qd8 35. Rxe5 Bh3 36. Ne3 Qc7 37. Nc4 Qa7 38.
Bg2 Bxg2 39. Kxg2 Qf7 40. Nd2 Qc7 1-0

[Event "Politiken Cup"]
[Site "Helsingor DEN"]
[Date "2009.07.25"]
[Round "9"]
[White "Petkovic,P"]
[Black "Strand,Kj"]
[Result "1-0"]
[WhiteElo "2149"]
[BlackElo "2043"]
[EventDate "2009.07.18"]

1. e4 e5 2. Nf3 Nc6 3. d4 exd4 4. Nxd4 Bc5 5. Be3 Qf6 6. c3 Nge7 7. Qd3 Ne5
8. Qe2 d5 9. f4 Nc4 10. e5 Qg6 11. Nd2 Bg4 12. N2f3 O-O 13. h3 Bxf3 14.
Qxf3 Qb6 15. Bxc4 Qxb2 16. O-O Bxd4 17. Bxd4 dxc4 18. Rab1 Qxa2 19. f5 Nc6
20. f6 Nxd4 21. cxd4 Qd2 22. fxg7 Qxd4+ 23. Kh1 Qxe5 24. gxf8=Q+ Rxf8 25.
Rbe1 Qb2 26. Re8 Qg7 27. Re4 f5 28. Rxc4 c6 29. Rf4 1-0

[Event "Politiken Cup"]
[Site "Helsingor DEN"]
[Date "2009.07.25"]
[Round "9"]
[White "Lyngsjo,H"]
[Black "Schou Moldt,T"]
[Result "0-1"]
[WhiteElo "1943"]
[BlackElo "2142"]
[EventDate "2009.07.18"]

1. e4 e5 2. Nf3 Nc6 3. Bb5 Nge7 4. c3 g6 5. d4 exd4 6. cxd4 d5 7. exd5 Nxd5
8. O-O Bg7 9. Re1+ Be6 10. Bg5 Qd6 11. Nbd2 O-O 12. Ne4 Qb4 13. Bxc6 bxc6
14. Qc1 Rfe8 15. Bh6 Bh8 16. Qxc6 Qb6 17. Qc1 Rab8 18. b3 Bg4 19. Neg5 Qb5
20. Ne5 Be6 21. Ngf3 f6 22. Nc4 Nb4 23. Qc3 Nd5 24. Qd2 Bg4 25. Qd3 Nb4 26.
Qc3 Qh5 27. Bf4 Nd5 28. Qd2 Bxf3 29. gxf3 Qxf3 30. Bg3 Nc3 31. Re3 Ne2+ 32.
Rxe2 Rxe2 33. Qa5 Rbe8 34. Qb4 c5 35. dxc5 f5 36. Rd1 Rxf2 37. Bxf2 Qxd1+
38. Kg2 Qd5+ 39. Kg1 Qd1+ 40. Kg2 Qg4+ 41. Kf1 Rd8 42. Qb7 Rd1+ 43. Be1
Qh3+ 44. Ke2 Qd3+ 45. Kf2 Bd4+ 46. Kg2 Qe2+ 47. Kh3 Qg4+ 0-1

[Event "Politiken Cup"]
[Site "Helsingor DEN"]
[Date "2009.07.25"]
[Round "9"]
[White "Ochsner,B"]
[Black "Christensen,Ca"]
[Result "1/2-1/2"]
[WhiteElo "2119"]
[BlackElo "1808"]
[EventDate "2009.07.18"]

1. e4 d6 2. d4 g6 3. Nc3 Bg7 4. f4 Nd7 5. Nf3 c5 6. Be3 b6 7. Bc4 e6 8. Nb5
Ke7 9. a4 a6 10. Nc3 h5 11. O-O Ndf6 12. h3 h4 13. e5 Ne8 14. d5 Qc7 15.
Ng5 Nh6 16. Qf3 Bb7 17. Rad1 Nf5 18. Nce4 dxe5 19. dxe6 Bxe4 20. Qxe4 Ned6
21. Qf3 e4 22. Nxe4 Nxc4 23. Bxc5+ bxc5 24. Rd7+ Qxd7 25. exd7 Bd4+ 26. Kh2
Kxd7 27. c3 Be3 28. Nxc5+ Bxc5 29. Qd5+ Nfd6 30. Qxc5 Nxb2 31. Rb1 Rhc8 32.
Qd5 Rab8 1/2-1/2

[Event "Politiken Cup"]
[Site "Helsingor DEN"]
[Date "2009.07.25"]
[Round "9"]
[White "Pedersen,TR"]
[Black "Rhee,A"]
[Result "1/2-1/2"]
[WhiteElo "1987"]
[BlackElo "2116"]
[EventDate "2009.07.18"]

1. e4 d6 2. d4 g6 3. Nc3 Bg7 4. f4 Nc6 5. Nf3 Bg4 6. Be3 Bxf3 7. gxf3 d5 8.
Ne2 e6 9. Qd3 f5 10. O-O-O Nf6 11. Ng3 O-O 12. h4 fxe4 13. fxe4 dxe4 14.
Nxe4 Nxe4 15. Qxe4 Qd5 16. Qxd5 exd5 17. Bg2 Ne7 18. h5 c6 19. c3 Nf5 20.
Bf2 Rad8 21. hxg6 hxg6 22. Rde1 Bh6 23. Bh3 Rde8 24. Reg1 Kg7 25. Kd1 Re4
26. Bxf5 Rxf5 27. Rh3 Rfxf4 28. Bg3 Rf5 29. Be5+ Kh7 30. Rgh1 Rh5 31. Rxh5
gxh5 32. Rxh5 Rg4 33. Rh2 Kg6 34. Kc2 Bg5 35. Rf2 Be7 36. b3 Bh4 37. Re2
Kf5 38. Bb8 Re4 39. Rxe4 dxe4 40. Bxa7 Kg4 41. d5 cxd5 42. c4 dxc4 43. bxc4
Kf3 44. Bd4 e3 45. Kd3 e2 46. Bc3 e1=Q 47. Bxe1 Bxe1 48. c5 Bf2 49. Kc4 Ke4
50. Kb5 Kd5 1/2-1/2

[Event "Politiken Cup"]
[Site "Helsingor DEN"]
[Date "2009.07.25"]
[Round "9"]
[White "Krueger,N"]
[Black "Svendsen,Pet"]
[Result "1-0"]
[WhiteElo "2106"]
[BlackElo "1993"]
[EventDate "2009.07.18"]

1. e4 e5 2. Nc3 Nf6 3. Bc4 Be7 4. d3 O-O 5. f4 Nc6 6. Nf3 d6 7. f5 Na5 8.
Bb3 c6 9. O-O Qc7 10. Qe2 Re8 11. Bg5 Nxb3 12. axb3 d5 13. Rae1 b5 14. Kh1
d4 15. Nd1 c5 16. Nxe5 Bb7 17. Ng4 Nxg4 18. Qxg4 Bxg5 19. Qxg5 f6 20. Qd2
Rad8 21. Nf2 c4 22. bxc4 bxc4 23. Ra1 cxd3 24. cxd3 Ba8 25. Rfc1 Qb6 26.
Qc2 Rb8 27. Qc4+ Kh8 28. Rc2 h5 29. Qf7 Rec8 30. Rxa7 Bb7 31. Rxb7 Rxc2 32.
Qxg7+ 1-0

[Event "Politiken Cup"]
[Site "Helsingor DEN"]
[Date "2009.07.25"]
[Round "9"]
[White "Bratholm,P"]
[Black "Greeuw,S"]
[Result "1-0"]
[WhiteElo "2098"]
[BlackElo "1968"]
[EventDate "2009.07.18"]

1. d4 Nf6 2. Nf3 c5 3. d5 e6 4. Nc3 d6 5. e4 Be7 6. Bb5+ Bd7 7. Qe2 exd5 8.
exd5 O-O 9. O-O a6 10. Bxd7 Nbxd7 11. a4 Re8 12. Re1 Bf8 13. Qd1 Qb6 14.
Ra3 c4 15. a5 Qc7 16. Be3 g6 17. Qd4 Bg7 18. Qh4 Ne5 19. Nd2 Rac8 20. h3
Ned7 21. Raa1 h5 22. g4 Nc5 23. Nxc4 Nce4 24. Nb6 Nxc3 25. bxc3 Rcd8 26.
Bd4 Nh7 27. gxh5 Bxd4 28. Qxd4 Qc5 29. Qxc5 dxc5 30. hxg6 fxg6 31. c4 Ng5
32. Kg2 Kf7 33. Na4 Ne4 34. Ra3 Nd6 35. Rf3+ Kg7 36. Rxe8 Rxe8 37. Nxc5
Nxc4 38. Nxb7 Re7 39. Rc3 Ne5 40. d6 Rd7 1-0

[Event "Politiken Cup"]
[Site "Helsingor DEN"]
[Date "2009.07.25"]
[Round "9"]
[White "Barane,S"]
[Black "Bruun,H"]
[Result "0-1"]
[WhiteElo "1854"]
[BlackElo "2093"]
[EventDate "2009.07.18"]

1. e4 e5 2. Nf3 Nc6 3. Bc4 Nf6 4. Ng5 Nxe4 5. Bxf7+ Ke7 6. Nxe4 Kxf7 7. d3
Be7 8. Nbc3 Rf8 9. Nd5 Kg8 10. Nxe7+ Qxe7 11. Be3 d6 12. c3 Be6 13. f3 h6
14. Qd2 b6 15. c4 d5 16. cxd5 Bxd5 17. O-O Rad8 18. Qc3 Nb4 19. a3 Nc6 20.
b4 Rd7 21. Rfd1 Rfd8 22. Rd2 Kh7 23. Rad1 Bxe4 24. dxe4 Rxd2 25. Rxd2 Rxd2
26. Qxd2 Qd6 27. Qc1 Nd4 28. Bxd4 Qxd4+ 29. Kf1 c5 30. bxc5 bxc5 31. Ke2 c4
32. Qc2 Qg1 33. Qxc4 Qxg2+ 34. Ke3 Qxh2 35. Qf7 Qg1+ 36. Ke2 Qg2+ 37. Ke3
Qg5+ 38. Ke2 a6 39. Qb7 Qf6 40. a4 Qe6 41. Qb4 h5 42. a5 h4 43. Qb6 Qc4+
44. Kf2 Qd4+ 45. Kg2 Qd2+ 46. Kh3 Qe1 47. Kg4 Qg3+ 48. Kf5 h3 49. Qxa6 Qf4+
50. Ke6 Qf6+ 0-1

[Event "Politiken Cup"]
[Site "Helsingor DEN"]
[Date "2009.07.25"]
[Round "9"]
[White "Ottosen,P"]
[Black "Johansen,J"]
[Result "1-0"]
[WhiteElo "2087"]
[BlackElo "1968"]
[EventDate "2009.07.18"]

1. d4 Nf6 2. c4 g6 3. Nc3 d5 4. cxd5 Nxd5 5. e4 Nxc3 6. bxc3 Bg7 7. Be3 c5
8. Qd2 Nc6 9. Rd1 O-O 10. Bc4 Qa5 11. Ne2 Rd8 12. O-O Ne5 13. Bd5 Ng4 14.
Rb1 Qc7 15. Bf4 e5 16. Bg3 Qe7 17. f3 Bh6 18. f4 cxd4 19. cxd4 exd4 20.
Nxd4 Nf6 21. Bh4 Qd6 22. Nb5 Qc5+ 23. Bf2 Nxe4 24. Bxf7+ Kxf7 25. Qxd8 Nxf2
26. Rxf2 Qf5 27. Nd6+ 1-0

[Event "Politiken Cup"]
[Site "Helsingor DEN"]
[Date "2009.07.25"]
[Round "9"]
[White "Jonsson,L"]
[Black "Justinussen,S"]
[Result "1-0"]
[WhiteElo "2082"]
[BlackElo "1942"]
[EventDate "2009.07.18"]

1. d4 d5 2. Nf3 Nf6 3. Bf4 e6 4. e3 Bd6 5. Bd3 O-O 6. O-O Nc6 7. c3 Bxf4 8.
exf4 Ne7 9. Nbd2 b6 10. Ne5 c5 11. Qe2 Bb7 12. Rac1 Rc8 13. Kh1 Nd7 14. Qh5
Ng6 15. Nxd7 Qxd7 16. Nf3 cxd4 17. cxd4 Rxc1 18. Rxc1 Qe7 19. g3 Rc8 20.
Rxc8+ Bxc8 21. Ng5 h6 22. Nxf7 Qxf7 23. Bxg6 Qf6 24. Bc2 Qe7 25. Qg6 Ba6
26. Qh7+ Kf8 27. Bg6 Qf6 28. Qh8+ Ke7 29. Qe8+ Kd6 30. Qb8+ Ke7 31. Qxa7+
Kf8 32. Qb8+ Ke7 33. Qc7+ Kf8 34. Qd6+ 1-0

[Event "Politiken Cup"]
[Site "Helsingor DEN"]
[Date "2009.07.25"]
[Round "9"]
[White "Stray,G"]
[Black "Botheim,T"]
[Result "1-0"]
[WhiteElo "2076"]
[BlackElo "1939"]
[EventDate "2009.07.18"]

1. d4 Nf6 2. c4 g6 3. Nc3 Bg7 4. e4 d6 5. Be2 O-O 6. f4 c5 7. Nf3 cxd4 8.
Nxd4 Nc6 9. Be3 Re8 10. O-O Nxd4 11. Bxd4 e5 12. fxe5 dxe5 13. Be3 Qxd1 14.
Raxd1 Bg4 15. Bf3 Bxf3 16. gxf3 a6 17. Rd6 Red8 18. Rfd1 Rxd6 19. Rxd6 Rc8
20. b3 Kf8 21. Rb6 Rc7 22. Bg5 Ne8 23. Nd5 Rd7 24. c5 h6 25. Be3 f6 26. c6
bxc6 27. Rxc6 a5 28. Bb6 a4 29. bxa4 Kf7 30. a5 Nd6 31. Rc7 Rxc7 32. Bxc7
Nc8 33. a6 Bf8 34. Kf1 Bc5 35. a4 Ke6 36. a5 Ba7 37. Bb6 Kd6 38. Bd8 f5 39.
Bc7+ Kc6 40. Bxe5 fxe4 41. fxe4 Kb5 42. Bc7 Kxa6 43. Ke2 Bc5 44. h3 Ne7 45.
Nxe7 Bxe7 46. Kf3 Kb7 47. Bf4 g5 48. Bd2 h5 49. Bc3 Bd6 50. Bf6 g4+ 51.
hxg4 hxg4+ 52. Kxg4 Ka6 53. Bc3 Bh2 54. Kf5 Bc7 55. Ke6 Bf4 56. Kd5 Kb5 57.
Be5 Bd2 58. Bc7 Bc3 59. Bb6 Bb2 60. Bd4 Bc1 61. e5 Kxa5 62. e6 Bg5 63. Bc5
Ka6 64. Kc6 Bh4 65. Bb6 Bg5 66. Bc7 1-0

[Event "Politiken Cup"]
[Site "Helsingor DEN"]
[Date "2009.07.25"]
[Round "9"]
[White "Larsen,TorKe"]
[Black "Wihlborn,B"]
[Result "1-0"]
[WhiteElo "2074"]
[BlackElo "1939"]
[EventDate "2009.07.18"]

1. e4 c5 2. Nc3 e6 3. f4 d5 4. Bb5+ Nc6 5. Bxc6+ bxc6 6. e5 f6 7. Nf3 f5 8.
d3 Rb8 9. b3 Qa5 10. Bd2 Qc7 11. Na4 Nh6 12. c4 Be7 13. O-O O-O 14. Kh1 Nf7
15. Qe1 Kh8 16. h3 Bd7 17. Rg1 Rg8 18. g4 fxg4 19. hxg4 Nh6 20. Qf2 d4 21.
Qh2 Rbf8 22. Rg3 Be8 23. Rag1 Bg6 24. Nh4 Bxh4 25. Qxh4 Rf7 26. Nxc5 Qc8
27. Ne4 Rgf8 28. Nd6 Qa6 29. Nxf7+ Rxf7 30. Qd8+ Ng8 31. f5 exf5 32. e6 Re7
33. Re1 Qxa2 34. Rg2 Qxb3 35. Bg5 Qc3 36. Ree2 Re8 37. Qd7 Qxd3 38. gxf5
Qh3+ 39. Kg1 Qxf5 40. Qxc6 d3 41. Re1 a5 42. Bd2 a4 43. Qd5 a3 44. Bc3 Qh3
45. Qd7 Nf6 46. Bxf6 Qh6 47. Rh2 d2 48. Bxg7+ Qxg7 49. Rxd2 Qh6 50. Qd4+
Kg8 51. e7 Qg5+ 52. Rg2 Qa5 53. Qd5+ Qxd5 54. cxd5 1-0

[Event "Politiken Cup"]
[Site "Helsingor DEN"]
[Date "2009.07.25"]
[Round "9"]
[White "Rasmussen,He2"]
[Black "Nielsen,Bo1"]
[Result "0-1"]
[WhiteElo "1845"]
[BlackElo "2073"]
[EventDate "2009.07.18"]

1. d4 d5 2. c4 e6 3. Nf3 Be7 4. Nc3 Nf6 5. Bg5 O-O 6. e3 Nbd7 7. cxd5 exd5
8. Qc2 c6 9. Bd3 Re8 10. O-O h6 11. Bxf6 Nxf6 12. Rab1 a5 13. a3 Bd6 14. b4
Qe7 15. Na2 Ne4 16. b5 c5 17. dxc5 Bxc5 18. a4 Bd7 19. Bxe4 dxe4 20. Nd4
Bd6 21. Qe2 Qe5 22. g3 h5 23. Rfc1 Bg4 24. Qf1 h4 25. Nc3 g6 26. Nce2 Kg7
27. h3 Bf3 28. Kh2 Rh8 29. Qe1 hxg3+ 30. fxg3 Rxh3+ 31. Kxh3 Rh8+ 0-1

[Event "Politiken Cup"]
[Site "Helsingor DEN"]
[Date "2009.07.25"]
[Round "9"]
[White "Skovgaard,T"]
[Black "Schmied,A"]
[Result "1/2-1/2"]
[WhiteElo "1983"]
[BlackElo "2068"]
[EventDate "2009.07.18"]

1. e4 c5 2. Nf3 e6 3. d4 cxd4 4. Nxd4 Nc6 5. Nxc6 bxc6 6. Bd3 d5 7. O-O Nf6
8. exd5 cxd5 9. Bb5+ Bd7 10. Qe2 Be7 11. b3 O-O 12. Bxd7 Qxd7 13. Ba3 Rac8
14. c4 Rfd8 15. Bxe7 Qxe7 16. Nd2 Rc7 17. cxd5 Nxd5 18. Nc4 Nf4 19. Qf3 Ng6
20. Rad1 Rcd7 21. g3 h6 22. Rfe1 Kh7 23. Rxd7 Rxd7 24. Ne5 Nxe5 25. Rxe5
Qd6 26. Re1 g6 27. h4 h5 28. Qe4 1/2-1/2

[Event "Politiken Cup"]
[Site "Helsingor DEN"]
[Date "2009.07.25"]
[Round "9"]
[White "Ostlund,A"]
[Black "Nielsen,Pr1"]
[Result "1-0"]
[WhiteElo "2067"]
[BlackElo "1929"]
[EventDate "2009.07.18"]

1. e4 e6 2. Nf3 d5 3. Nc3 d4 4. Ne2 c5 5. c3 dxc3 6. bxc3 Nc6 7. Ng3 Nf6 8.
Bb5 Bd7 9. O-O Be7 10. d4 a6 11. Ba4 Qc7 12. Bc2 h6 13. Bb2 Na5 14. Nd2 Rc8
15. Rc1 c4 16. f4 Bc6 17. Nf3 O-O 18. Ne5 Be8 19. Qe2 Nd7 20. Rce1 f6 21.
Nxd7 Qxd7 22. Bc1 Rc7 23. Rd1 Bf7 24. f5 Re8 25. fxe6 Qxe6 26. Nf5 Bf8 27.
Qg4 Kh7 28. Rf3 Nc6 29. d5 Ne5 30. dxe6 Nxg4 31. exf7 Rxf7 32. Nd6 Bxd6 33.
Rxd6 Rfe7 34. Rf1 Ne5 35. Rfd1 Re6 36. Bf4 Rxd6 37. Rxd6 Kg6 38. Bxe5 Rxe5
39. Rd5 1-0

[Event "Politiken Cup"]
[Site "Helsingor DEN"]
[Date "2009.07.25"]
[Round "9"]
[White "Vaarala,E"]
[Black "Pedersen,JanK"]
[Result "1-0"]
[WhiteElo "1964"]
[BlackElo "2065"]
[EventDate "2009.07.18"]

1. e4 c5 2. Nf3 Nc6 3. d4 cxd4 4. Nxd4 Nf6 5. Nc3 d6 6. Bg5 e5 7. Ndb5 a6
8. Na3 Be7 9. Nc4 Nd4 10. Bxf6 Bxf6 11. Nd5 b5 12. Ncb6 Rb8 13. c3 Nc6 14.
Nxc8 Rxc8 15. a4 bxa4 16. Bxa6 Ra8 17. Bb7 1-0

[Event "Politiken Cup"]
[Site "Helsingor DEN"]
[Date "2009.07.25"]
[Round "9"]
[White "Jensen,SorenH"]
[Black "Rolvaag,B"]
[Result "1/2-1/2"]
[WhiteElo "2054"]
[BlackElo "1906"]
[EventDate "2009.07.18"]

1. e4 c5 2. Nf3 Nc6 3. d4 cxd4 4. Nxd4 g6 5. c4 Bg7 6. Be3 Nf6 7. Nc3 O-O
8. Be2 Nxd4 9. Bxd4 d6 10. O-O Bd7 11. Qd2 Bc6 12. f3 a5 13. b3 Nd7 14.
Bxg7 Kxg7 15. Qd4+ Kg8 16. Rad1 Nc5 17. e5 Qb6 18. exd6 exd6 19. Kh1 Rad8
20. Qf6 Qc7 21. Rfe1 Rfe8 22. Bf1 Re6 23. Rxe6 Nxe6 24. h4 Ng7 25. Nd5 Bxd5
26. Rxd5 Nh5 27. Qg5 f6 28. Qe3 Kf7 29. Kh2 b6 30. Qh6 Kg8 31. g4 Ng7 32.
h5 Qf7 33. Bd3 Qe8 34. hxg6 hxg6 35. Qxg6 Qe3 36. Qe4 Qf2+ 37. Kh3 Re8 38.
Qh7+ Kf8 39. Be4 Qf1+ 40. Kg3 Qg1+ 41. Kh3 Qh1+ 1/2-1/2

[Event "Politiken Cup"]
[Site "Helsingor DEN"]
[Date "2009.07.25"]
[Round "9"]
[White "Rasmussen,M2"]
[Black "Harstad,C"]
[Result "1/2-1/2"]
[WhiteElo "1958"]
[BlackElo "2052"]
[EventDate "2009.07.18"]

1. d4 f5 2. Nf3 Nf6 3. Bg5 g6 4. e3 Bg7 5. Bd3 d6 6. c3 O-O 7. O-O Qe8 8.
Nbd2 e5 9. e4 f4 10. dxe5 dxe5 11. Bxf6 Bxf6 12. Bc4+ Kh8 13. a4 g5 14. b4
Nc6 15. Qb3 Nd8 16. b5 g4 17. Ne1 Ne6 18. Nd3 Ng5 19. Nc5 b6 20. Bd5 bxc5
21. Bxa8 f3 22. g3 h5 23. Nc4 h4 24. Ne3 Nh3+ 25. Kh1 hxg3 26. fxg3 Bg5 27.
Bc6 Qg6 28. Nf5 Bxf5 29. exf5 Qxf5 30. Qb1 Qxb1 31. Raxb1 Be3 32. Rbe1 Nf2+
33. Kg1 Nh3+ 34. Kh1 1/2-1/2

[Event "Politiken Cup"]
[Site "Helsingor DEN"]
[Date "2009.07.25"]
[Round "9"]
[White "Rostgaard,T"]
[Black "Nielsen,JeH"]
[Result "1/2-1/2"]
[WhiteElo "2051"]
[BlackElo "1902"]
[EventDate "2009.07.18"]

1. e4 Nc6 2. d4 d5 3. e5 Bf5 4. c3 f6 5. Bb5 Qd7 6. Nf3 a6 7. Be2 fxe5 8.
dxe5 e6 9. Be3 Nge7 10. Bf4 Ng6 11. Bg3 Bc5 12. Nbd2 O-O 13. O-O Rad8 14.
Nb3 Ba7 15. Nbd4 Nxd4 16. Nxd4 c5 17. Nxf5 exf5 18. f4 b5 19. Kh1 d4 20.
cxd4 Qxd4 21. Qxd4 Rxd4 22. Rfd1 c4 23. a4 Rxd1+ 24. Rxd1 Be3 25. Rd6 Nxf4
26. Bf3 Rb8 27. a5 b4 28. Bxf4 Bxf4 29. Bd5+ Kf8 30. Bxc4 Bxe5 31. Rd2 Re8
32. g3 f4 33. Kg2 fxg3 34. hxg3 Ke7 35. b3 Bc7 36. Rd5 Rd8 37. Rf5 Rf8 38.
Rd5 Rd8 39. Rc5 Rd2+ 40. Kf3 Kd6 41. Rf5 Ra2 42. Rf7 Rxa5 43. Rxg7 Rh5 44.
Bxa6 Bb6 45. Kg4 Rh2 46. Bc4 Bd4 47. Rg5 Be5 48. Kf5 Bc3 49. g4 Rf2+ 50.
Ke4 h6 51. Rd5+ Ke7 52. Ra5 Rf6 1/2-1/2

[Event "Politiken Cup"]
[Site "Helsingor DEN"]
[Date "2009.07.25"]
[Round "9"]
[White "Andersen,Dag"]
[Black "Ramme,C"]
[Result "0-1"]
[WhiteElo "1926"]
[BlackElo "2048"]
[EventDate "2009.07.18"]

1. d4 Nf6 2. Nf3 e6 3. Bg5 c5 4. e3 Qb6 5. b3 Ne4 6. c3 Qa5 7. dxc5 Qxc5 8.
b4 Qb6 9. Bd3 Nxg5 10. Nxg5 Nc6 11. O-O Ne5 12. Bc2 Be7 13. Ne4 d5 14. Ng3
Bd7 15. a4 g6 16. e4 dxe4 17. Nxe4 Rd8 18. Qe2 O-O 19. Na3 f5 20. Nd2 Bf6
21. Rab1 Nf7 22. c4 e5 23. c5 Qc7 24. Bb3 a5 25. Nac4 axb4 26. Nd6 Be8 27.
Rfc1 e4 28. Nf1 Kg7 29. Nxe8+ Rfxe8 30. Ne3 Bc3 31. Nd5 Qe5 32. Nxc3 bxc3
33. Bxf7 Kxf7 34. Rxb7+ Re7 35. Qc4+ Kf8 36. Rxe7 Kxe7 37. c6 Qd4 38. Qxd4
Rxd4 39. g3 Rc4 40. a5 Kd6 41. c7 Kxc7 42. Kf1 Kc6 43. Ke2 Kb5 44. Kd1 Kxa5
45. Kc2 Kb5 46. Ra1 Rc7 47. Ra3 Kb4 48. Rb3+ Kc5 49. Rxc3+ Kd6 50. Rxc7
Kxc7 51. Kc3 Kd6 52. Kd4 Ke6 53. h3 Kf6 54. f3 exf3 55. Ke3 g5 56. Kxf3 Ke5
57. h4 g4+ 58. Ke3 h5 59. Kf2 Kd4 60. Ke2 Ke4 0-1

[Event "Politiken Cup"]
[Site "Helsingor DEN"]
[Date "2009.07.25"]
[Round "9"]
[White "Nisbet,A2"]
[Black "Lund,P"]
[Result "1/2-1/2"]
[WhiteElo "1982"]
[BlackElo "2047"]
[EventDate "2009.07.18"]

1. d4 d5 2. Bf4 Nf6 3. e3 e6 4. Nf3 Be7 5. Bd3 O-O 6. Ne5 c5 7. c3 Nc6 8.
O-O Nxe5 9. dxe5 Nd7 10. Nd2 f5 11. exf6 Bxf6 12. Qh5 g6 13. Bxg6 hxg6 14.
Qxg6+ Kh8 15. Qh6+ Kg8 16. Qg6+ Kh8 17. Qh6+ 1/2-1/2

[Event "Politiken Cup"]
[Site "Helsingor DEN"]
[Date "2009.07.25"]
[Round "9"]
[White "Meier,L"]
[Black "Jensen,Mi"]
[Result "0-1"]
[WhiteElo "1888"]
[BlackElo "2044"]
[EventDate "2009.07.18"]

1. e4 e5 2. Nf3 Nc6 3. Bb5 a6 4. Bxc6 dxc6 5. h3 f6 6. d4 exd4 7. Qxd4 Qxd4
8. Nxd4 c5 9. Nf3 b6 10. Nc3 Bb7 11. Bf4 O-O-O 12. O-O Ne7 13. Rad1 Ng6 14.
Rxd8+ Kxd8 15. Rd1+ Kc8 16. Bg3 Be7 17. Nh4 Nxh4 18. Bxh4 Bd6 19. f3 Be5
20. Be1 Bd4+ 21. Kh1 Re8 22. Ne2 Bxb2 23. c3 Ba3 24. c4 Bb4 25. Nc3 a5 26.
a3 Bxa3 27. Nb5 Bb2 0-1

[Event "Politiken Cup"]
[Site "Helsingor DEN"]
[Date "2009.07.25"]
[Round "9"]
[White "Johansen,St"]
[Black "Pallesen,Ja"]
[Result "1-0"]
[WhiteElo "1874"]
[BlackElo "2042"]
[EventDate "2009.07.18"]

1. e4 c5 2. Nf3 e6 3. d4 cxd4 4. Nxd4 a6 5. Bd3 Qc7 6. O-O Nc6 7. Be3 Nf6
8. Qe2 b5 9. a3 Bb7 10. Nc3 Nxd4 11. Bxd4 Bc5 12. Bxc5 Qxc5 13. e5 Nd5 14.
Ne4 Qb6 15. Nd6+ Ke7 16. Qf3 f6 17. Nxb7 Qxb7 18. exf6+ gxf6 19. Rad1 Rag8
20. Be4 Rg5 21. Rfe1 Kf7 22. h4 Re5 23. Re2 f5 24. Bxd5 Rxd5 25. Rxd5 Qxd5
26. Qxd5 exd5 27. Re5 Kf6 28. Rxd5 Ke6 29. Rc5 Rb8 30. b4 Rb6 31. Kf1 Rd6
32. Ke2 Rd4 33. g3 h6 34. Ke3 Rd1 35. Kf4 Rd4+ 36. Ke3 Rd1 37. Rc8 Rd6 38.
Rh8 Ke5 39. f4+ Kd5 40. Re8 Rg6 41. Re5+ Kd6 42. Kf3 Rf6 43. h5 Rf8 44. Ke2
Rc8 45. Kd2 Rf8 46. c3 Kc7 47. Ke3 Rg8 48. Kf3 Rf8 49. g4 fxg4+ 50. Kxg4
Kd6 51. Rf5 Rg8+ 52. Kf3 Ke6 53. Ke4 d6 54. Rd5 Rg4 55. Rd3 Rh4 56. Rg3 d5+
57. Ke3 Rxh5 58. Rg6+ Kf5 59. Rxa6 d4+ 60. Kxd4 Kxf4 61. c4 bxc4 62. Kxc4
Rh1 63. a4 h5 64. Rh6 h4 65. Kb5 h3 66. a5 h2 67. a6 Ke5 68. a7 Ra1 69.
Rxh2 Rxa7 70. Rd2 Ra1 71. Kb6 Rb1 72. b5 Ke6 73. Kc6 Rc1+ 74. Kb7 Rb1 75.
b6 Rb3 76. Kc7 Rc3+ 77. Kb8 Rb3 78. b7 Rb1 79. Rc2 Kd7 80. Rc7+ Kd8 81. Rc5
Kd7 82. Ra5 Kc6 83. Ra7 1-0

[Event "Politiken Cup"]
[Site "Helsingor DEN"]
[Date "2009.07.25"]
[Round "9"]
[White "Bjorneboe,K"]
[Black "Tari,A"]
[Result "1/2-1/2"]
[WhiteElo "2041"]
[BlackElo "1901"]
[EventDate "2009.07.18"]

1. d4 Nf6 2. Nf3 e6 3. e3 b6 4. Bd3 Bb7 5. Nbd2 d5 6. Ne5 Nbd7 7. f4 Be7 8.
O-O O-O 9. Ndf3 Nxe5 10. Nxe5 c5 11. c3 Nd7 12. Rf3 h6 13. Rh3 Nxe5 14.
fxe5 c4 15. Bc2 Bc6 16. Qg4 Bg5 17. e4 dxe4 18. Bxg5 Qxg5 19. Qxg5 hxg5 20.
Re1 f5 21. exf6 gxf6 22. Bxe4 Bxe4 23. Rxe4 Rfe8 1/2-1/2

[Event "Politiken Cup"]
[Site "Helsingor DEN"]
[Date "2009.07.25"]
[Round "9"]
[White "Bryn,T"]
[Black "Mouritsen,J"]
[Result "1-0"]
[WhiteElo "2024"]
[BlackElo "1758"]
[EventDate "2009.07.18"]

1. d4 Nf6 2. c4 e6 3. Nc3 Bb4 4. Qc2 O-O 5. a3 Bxc3+ 6. Qxc3 b6 7. Bg5 h6
8. Bh4 Bb7 9. f3 d5 10. cxd5 exd5 11. e3 Nbd7 12. Bb5 c6 13. Bd3 Re8 14.
Bf2 Rc8 15. Ne2 c5 16. Qd2 Nf8 17. O-O Ne6 18. Rad1 Qd7 19. Nc3 cxd4 20.
exd4 Nh5 21. Be3 Qe7 22. g4 Nf8 23. Rde1 Nf6 24. Kg2 Qd7 25. Bf5 Ne6 26. h4
g6 27. Bxe6 Rxe6 28. Bxh6 Nxg4 29. fxg4 Rxe1 30. Qxe1 Qxg4+ 31. Qg3 Qxd4
32. Qf3 f6 33. Qg3 Kh7 34. Be3 Qxe3 35. Qxe3 d4+ 36. Kf2 dxe3+ 37. Kxe3 f5
38. Rd1 Rc7 39. Kf4 Kh6 40. Rd8 Rc4+ 41. Ke5 Rc5+ 42. Kf6 Rc6+ 43. Kf7 Kh7
44. Nd5 Rc8 45. Nf6+ Kh6 46. Rd7 Rb8 47. Re7 Ba6 48. Ke6 Bc4+ 49. Ke5 Rh8
50. Rxa7 b5 51. Rc7 Bd3 52. b3 Be2 53. a4 bxa4 54. bxa4 g5 55. hxg5+ Kxg5
56. Rg7+ Kh4 57. Kxf5 Rf8 58. Rg2 Bd3+ 59. Ke5 Ba6 60. Rg1 Bb7 61. a5 Ba6
62. Nd5 Bb7 63. Nf4 Re8+ 64. Kd6 Ra8 65. Ra1 Kg4 66. Ne6 Bc8 67. Nc5 Bf5
68. a6 Rd8+ 69. Kc7 Rh8 70. a7 Rh7+ 71. Kb6 Rh6+ 72. Kb5 Rh8 73. a8=Q Rxa8
74. Rxa8 Kf4 75. Re8 Kg5 76. Kc4 Kf4 77. Kd4 Bb1 78. Rf8+ Kg3 79. Ke3 Ba2
80. Rf6 Bb1 81. Ne4+ 1-0

[Event "Politiken Cup"]
[Site "Helsingor DEN"]
[Date "2009.07.25"]
[Round "9"]
[White "Sondergaard,T"]
[Black "Rasmussen,M1"]
[Result "1-0"]
[WhiteElo "2017"]
[BlackElo "1870"]
[EventDate "2009.07.18"]

1. e4 c5 2. Nc3 a6 3. a4 Nc6 4. f4 e6 5. Nf3 b6 6. g3 Bb7 7. Bg2 Nge7 8.
O-O g6 9. d3 d6 10. Be3 Bg7 11. d4 cxd4 12. Nxd4 Qc7 13. Qd2 O-O 14. Rad1
Rad8 15. Qf2 Na5 16. Nxe6 fxe6 17. Bxb6 Qc4 18. Bxa5 Rc8 19. Rxd6 Nc6 20.
Bb6 Qb4 21. Rd3 a5 22. e5 Ba6 23. Bc5 Qb7 24. Nb5 Bxb5 25. Rb3 1-0